| 000 | 01200cam a2200337 a 4500 | ||
|---|---|---|---|
| 001 | 5967 | ||
| 003 | FISKH | ||
| 005 | 20250821132444.0 | ||
| 008 | 990629s2000 nyua b 000 0ceng | ||
| 010 | _a 99026687 | ||
| 020 | _a0590480316 | ||
| 020 | _a9780590480314 | ||
| 040 |
_aDLC _cDLC _dDLC _beng |
||
| 050 | _a Q141 .J69 | ||
| 082 | _a509.2273 | ||
| 100 | 1 |
_aJones, Lynda _d(1944-1972) |
|
| 245 | 1 | 0 |
_aFive brilliant scientists / _cby Lynda Jones ; illustrations by Ron Garnett. |
| 250 | _aThis edition first published in 2008 | ||
| 260 |
_aNew York : _bScholastic, _c2000. |
||
| 300 |
_a48 pages : _bcolor illustrations ; _c23 cm. |
||
| 505 | _aR | ||
| 520 | _aDescribes the early lives and notable achievements of five black scientists, Susan McKinney Steward, George Washington Carver, Ernest Everett Just, Percy Lavon Julian, and Shirley Ann Jackson. | ||
| 521 | 8 |
_a770
_bLexile |
|
| 521 | 8 |
_aR
_bRaz-Plus |
|
| 650 | 0 |
_aAfrican American scientists _vBiography _vJuvenile literature. |
|
| 650 | 1 |
_aScientists. _2African Americans |
|
| 700 | 1 |
_aGarnett, Ron _eillustrator |
|
| 906 |
_a7 _bcbc _corignew _d1 _eocip _f19 _gy-gencatlg |
||
| 942 |
_2ddc _cBK _n0 |
||
| 999 |
_c5967 _d5967 |
||